Sentencing workshops take off in North Carolina

Saved in:  
Bibliographic Details
Main Author: Drennan, James C. (Author)
Format: Print Article
Language:English
Published: 1996
In: Overcrowded times
Year: 1996, Volume: 7, Issue: 4, Pages: 4, 16-17
Check availability: HBZ Gateway
Keywords:

MARC

LEADER 00000caa a22000002c 4500
001 1639179291
003 DE-627
005 20220608124313.0
007 tu
008 160223s1996 xx ||||| 00| ||eng c
035 |a (DE-627)1639179291 
035 |a (DE-576)455791082 
035 |a (DE-599)BSZ455791082 
040 |a DE-627  |b ger  |c DE-627  |e rakwb 
041 |a eng 
100 1 |a Drennan, James C.  |4 aut 
245 1 0 |a Sentencing workshops take off in North Carolina  |c James C. Drennan 
264 1 |c 1996 
336 |a Text  |b txt  |2 rdacontent 
337 |a ohne Hilfsmittel zu benutzen  |b n  |2 rdamedia 
338 |a Band  |b nc  |2 rdacarrier 
773 0 8 |i In  |t Overcrowded times  |d Castine, Me. : Corp., 1990  |g 7(1996), 4, Seite 4, 16-17  |w (DE-627)17082666X  |w (DE-600)1112050-2  |w (DE-576)029166535  |x 1077-8209  |7 nnas 
773 1 8 |g volume:7  |g year:1996  |g number:4  |g pages:4, 16-17 
935 |a mkri 
951 |a AR 
ELC |b 1 
LOK |0 000 xxxxxcx a22 zn 4500 
LOK |0 001 329951637X 
LOK |0 003 DE-627 
LOK |0 004 1639179291 
LOK |0 005 20250327135735 
LOK |0 008 160208||||||||||||||||ger||||||| 
LOK |0 040   |a DE-21-110  |c DE-627  |d DE-21-110 
LOK |0 689   |a s  |a Strafzumessungsrichtlinien 
LOK |0 689   |a g  |a USA 
LOK |0 852   |a DE-21-110 
LOK |0 852 1  |m p  |9 00 
LOK |0 935   |a k110 
LOK |0 938   |k p 
LOK |0 939   |a 08-02-16  |b l01 
ORI |a SA-MARC-krimdoka001.raw